Cómo analizar un film

Guardat en:
Dades bibliogràfiques
Autors principals: Casetti, Francesco (Autor), Di Chio, Federico (Autor)
Format: Llibre
Idioma:espanyol
Publicat: Barcelona Paidós 1991
Col·lecció:Instrumentos Paidós, 6
Matèries:
Etiquetes: Afegir etiqueta
Sense etiquetes, Sigues el primer a etiquetar aquest registre!

MARC

LEADER 00000nam a2200000 a 4500
001 UCV8968
003 CL-VaPUC
008 920327e19910000SP |||||||||||||||||spa|d
082 0 4 |a 791.437  |b CAS  |2 21 
100 0 |a Casetti, Francesco  |e author  |9 302939 
700 0 |a Di Chio, Federico  |e author  |9 302940 
245 1 0 |a Cómo analizar un film 
300 |a 278 p 
942 |c BK 
945 |d 19920327 00:00:00 
260 |a Barcelona  |b Paidós  |c 1991 
650 0 |a Historia del cine  |9 265166 
583 |a last modification  |c 20180402 05:44:52  |k Rodrigo Vera 
490 0 |a Instrumentos Paidós, 6 
999 |c 214373  |d 214371 
952 |0 0  |1 0  |4 0  |6 791_437000000000000_CAS_1991  |7 0  |8 A  |9 197667  |a BIBARQ  |b BIBARQ  |d 2019-11-14  |i 2653370  |o 791.437 CAS 1991  |p 2653370  |r 2025-01-20  |w 2019-11-14  |y BK  |k ARQ